<?xml version="1.0" encoding="UTF-8"?><?xml-stylesheet type="text/xsl" href="static/style.xsl"?><OAI-PMH xmlns="http://www.openarchives.org/OAI/2.0/" xmlns:xsi="http://www.w3.org/2001/XMLSchema-instance" xsi:schemaLocation="http://www.openarchives.org/OAI/2.0/ http://www.openarchives.org/OAI/2.0/OAI-PMH.xsd"><responseDate>2026-04-17T07:46:24Z</responseDate><request verb="GetRecord" identifier="oai:riubu.ubu.es:10259/6092" metadataPrefix="marc">https://riubu.ubu.es/oai/request</request><GetRecord><record><header><identifier>oai:riubu.ubu.es:10259/6092</identifier><datestamp>2023-11-30T23:42:07Z</datestamp><setSpec>com_10259_4244</setSpec><setSpec>com_10259_5086</setSpec><setSpec>com_10259_2604</setSpec><setSpec>col_10259_4245</setSpec></header><metadata><record xmlns="http://www.loc.gov/MARC21/slim" xmlns:doc="http://www.lyncode.com/xoai" xmlns:xsi="http://www.w3.org/2001/XMLSchema-instance" xmlns:dcterms="http://purl.org/dc/terms/" xsi:schemaLocation="http://www.loc.gov/MARC21/slim http://www.loc.gov/standards/marcxml/schema/MARC21slim.xsd">
<leader>00925njm 22002777a 4500</leader>
<datafield tag="042" ind1=" " ind2=" ">
<subfield code="a">dc</subfield>
</datafield>
<datafield tag="720" ind1=" " ind2=" ">
<subfield code="a">Benito Román, Oscar</subfield>
<subfield code="e">author</subfield>
</datafield>
<datafield tag="720" ind1=" " ind2=" ">
<subfield code="a">Blanco Alcalde, Beatriz</subfield>
<subfield code="e">author</subfield>
</datafield>
<datafield tag="720" ind1=" " ind2=" ">
<subfield code="a">Sanz Díez, Mª Teresa</subfield>
<subfield code="e">author</subfield>
</datafield>
<datafield tag="720" ind1=" " ind2=" ">
<subfield code="a">Beltrán Calvo, Sagrario</subfield>
<subfield code="e">author</subfield>
</datafield>
<datafield tag="260" ind1=" " ind2=" ">
<subfield code="c">2021-11</subfield>
</datafield>
<datafield tag="520" ind1=" " ind2=" ">
<subfield code="a">In this work, the intensification of the extraction of flavonoids from dry onion skin wastes (DOSW) by Ultrasound Assisted Extraction (UAE) was investigated. Conventional stirred tank extraction was used to find the optimal temperature (37 °C) and solvent (ethanol 70%, v/v), providing 20.7 ± 0.4 mg QE/g DOSW after 1 h. In the UAE process, the amplitude of oscillation and the solvent-to-solid ratio were key parameters to control the specific energy used. Energies above 10 kJ/g OSW did not increase the extraction yield (maximum flavonoids content was 23.9 ± 0.2 mg QE/g DOSW), which could be obtained using amplitudes of 40%, high solvent-to-solid ratios (30 mL/g DOSW) and extraction times below 5 min. Although both extraction techniques provided similar profiles of phenolic compounds, being quercetin and quercetin-4′-O-glucoside the main flavonoids (7.4 mg/g DOSW and 10.4 mg/g DOSW, respectively), UAE increased the productivity up to 11.6 mg QE/(g DOSW·min), seven times higher than conventional extraction. The extraction kinetics was modeled and studied. The optimum extract was freeze-dried resulting in a solid powder rich in flavonoids (21%) which kept 90% of the antioxidant activity after 180 days of storage at temperatures below 4 °C.</subfield>
</datafield>
<datafield tag="024" ind2=" " ind1="8">
<subfield code="a">0960-3085</subfield>
</datafield>
<datafield tag="024" ind2=" " ind1="8">
<subfield code="a">http://hdl.handle.net/10259/6092</subfield>
</datafield>
<datafield tag="024" ind2=" " ind1="8">
<subfield code="a">10.1016/j.fbp.2021.09.005</subfield>
</datafield>
<datafield ind1=" " ind2=" " tag="653">
<subfield code="a">Onion</subfield>
</datafield>
<datafield ind1=" " ind2=" " tag="653">
<subfield code="a">Extraction</subfield>
</datafield>
<datafield ind1=" " ind2=" " tag="653">
<subfield code="a">Ultrasounds</subfield>
</datafield>
<datafield ind1=" " ind2=" " tag="653">
<subfield code="a">Quercetin</subfield>
</datafield>
<datafield ind1=" " ind2=" " tag="653">
<subfield code="a">Flavonoids</subfield>
</datafield>
<datafield ind1=" " ind2=" " tag="653">
<subfield code="a">Process intensification</subfield>
</datafield>
<datafield tag="245" ind1="0" ind2="0">
<subfield code="a">Freeze-dried extract from onion (Allium cepa cv. Horcal) skin wastes: Extraction intensification and flavonoids identification</subfield>
</datafield>
</record></metadata></record></GetRecord></OAI-PMH>